000 00596nam a22002177a 4500
003 UA-OsUOA
001 37938
007 ta
008 20070605b un ||||| |||| 00| 0 ukr d
090 _a94(477).155
942 _cBK
040 _aUA-OsUOA
_bukr
_cUA-OsUOA
_dUA-OsUOA
245 _a10 років Товариству Української Культури в Угорщині
300 _a140 с.
955 _a1
041 _aukr
080 _a94(477).155
260 _aбудапешт
_c2001
650 7 _a9 Географія. Біографії. Історія
_2UDC
999 _c436463
_d436463